| 000 | 01254cam a22002771i 4500 | ||
|---|---|---|---|
| 003 | SA-RiAUC | ||
| 005 | 20241027141622.0 | ||
| 008 | 241026s2013 le g 000 0 ara c | ||
| 040 |
_aSA-RiAUC _bara _cSA-RiAUC _erda |
||
| 082 | 0 | 4 |
_a258.1 _qSA-RiAUC |
| 090 |
_a258.1 _b ش ر ن |
||
| 100 | 1 |
_aالشرنبلالي، حسن بن عمار بن علي، _d994-1069 هجري _eمؤلف. |
|
| 245 | 1 | 0 |
_aنور الإيضاح ونجاة الأرواح : _bمختصر في العبادات في الفقه الحنفي / _cحسن بن عمار الشرنبلالي ؛ تحقيق سائد بكداش. |
| 246 | 3 | 0 | _aمختصر في العبادات في الفقه الحنفي |
| 264 | 1 |
_aبيروت : _bدار البشائر الإسلامية للطباعة والنشر، _c2013 |
|
| 300 |
_a413 صفحة ؛ _c24 × 17 سم |
||
| 336 |
_aنص _btxt _2rdacontent _3كتاب |
||
| 337 |
_aبدون وسيط _bn _2rdamedia |
||
| 338 |
_aمجلد _bnc _2rdacarrier |
||
| 563 | _aشموا / مجلد. | ||
| 650 | 7 |
_aالفقه الحنفي _2aucsh |
|
| 650 | 7 |
_aالعبادات (فقه إسلامي) _2aucsh |
|
| 700 | 1 |
_aبكداش، سائد بن محمد بن يحيى _eمحقق. |
|
| 942 |
_2ddc _cBOOK _n0 |
||
| 949 |
_aSA-JeALM _d241026 _umohamedma123 _n1 |
||
| 999 |
_c1769 _d1769 |
||